In memoriam. A discourse commemorative of the character and life of John Seely Hart, LL. D., (Record no. 19809)
[ view plain ]
| 000 -LEADER | |
|---|---|
| fixed length control field | 00667cam a22002051 4500 |
| 001 - CONTROL NUMBER | |
| control field | e 15000936 |
| 003 - CONTROL NUMBER IDENTIFIER | |
| control field | DLC |
| 005 - DATE AND TIME OF LATEST TRANSACTION | |
| control field | 20260227111204.0 |
| 008 - FIXED-LENGTH DATA ELEMENTS--GENERAL INFORMATION | |
| fixed length control field | 740401s1878 xx 000 0 eng |
| 010 ## - LIBRARY OF CONGRESS CONTROL NUMBER | |
| LC control number | e 15000936 |
| 035 ## - SYSTEM CONTROL NUMBER | |
| System control number | (OCoLC)846832 |
| 040 ## - CATALOGING SOURCE | |
| Original cataloging agency | DLC |
| Transcribing agency | NIC |
| Modifying agency | OCoLC |
| -- | DLC |
| 042 ## - AUTHENTICATION CODE | |
| Authentication code | premarc |
| 050 00 - LIBRARY OF CONGRESS CALL NUMBER | |
| Classification number | LA2617.H45 |
| Item number | B6 |
| 100 1# - MAIN ENTRY--PERSONAL NAME | |
| Personal name | Boardman, Henry A. |
| Fuller form of name | (Henry Augustus), |
| Dates associated with a name | 1808-1880. |
| 245 10 - TITLE STATEMENT | |
| Title | In memoriam. A discourse commemorative of the character and life of John Seely Hart, LL. D., |
| Statement of responsibility, etc. | by Henry A. Boardman, D.D. |
| 260 ## - PUBLICATION, DISTRIBUTION, ETC. | |
| Place of publication, distribution, etc. | Philadelphia, |
| Name of publisher, distributor, etc. | Eldredge, |
| Date of publication, distribution, etc. | 1878. |
| 300 ## - PHYSICAL DESCRIPTION | |
| Extent | 32 p. |
| Dimensions | 22 cm. |
| 600 10 - SUBJECT ADDED ENTRY--PERSONAL NAME | |
| Personal name | Hart, John S. |
| Fuller form of name | (John Seely), |
| Dates associated with a name | 1810-1877. |
No items available.